000 01240nam0a22003371 4500
001 v19\rc\1392841
005 20060512124153.3
035 _a(NLR Aleph) 004524741
090 _a4902972
_c4902970
100 _a20060512e18681868|||y0rusy50 ca
101 0 _arus
102 _aRU
105 _ay z |||||
200 1 _aВступительная лекция в Курс истории XIII века
_f[Соч.] Н.А. Осокина
210 _aКазань
_cУнив. тип.
_d1868
215 _a26 с.
_d25
311 _aПерепеч. из "Учен. зап. Казан. ун-та" за 1868 г.
488 0 _12001#$aУченые записки Казанского университета$v1868
532 1 1 _aВступительная лекция в Курс истории тринадцатого века
700 1 _aОсокин
_bН. А.
_f1843-1896
_gНиколай Алексеевич
801 0 _aRU
_bNLR
_gpsbo
801 0 _aRU
_bRuMoRGB
_2psbo
801 1 _aRU
_bProSoft-M
_2rusmarc
852 _aNLR
_j18.126.2.332
899 _aRuMoRGB
_jW 55/383
899 _aRuMoRGB
_jW 55/305
899 _aRuMoRGB
_jПриплет к P 51/149
899 _aБАН
899 _aНБ СПбГУ
942 _cBOOK
980 _aNB